| 000 | 00636nam a2200217 i 4500 | ||
|---|---|---|---|
| 001 | 115537 | ||
| 003 | ES-MaACL | ||
| 007 | t| | ||
| 008 | 070315q1922 sp ||||1| spa d | ||
| 080 | _a544.6 | ||
| 100 | 1 |
_aFerrer Dalmau, Eugenio. _950452 |
|
| 245 | 1 | 0 |
_aElectroquímica / _cpor Eugenio Ferrer Dalmau. |
| 250 | _a2ª ed. | ||
| 260 |
_aMadrid : _bCalpe, _c[1992?] |
||
| 300 |
_a167 p. : _bil. ; _c17 cm. |
||
| 490 | 1 |
_aBiblioteca del electricista práctico ; _v21 |
|
| 650 | 1 | 4 |
_aElectroquímica. _912168 |
| 830 | 0 |
_aBiblioteca del electricista práctico ; _v21 _9186267 |
|
| 852 |
_aES-MaACL _jB-3754 |
||
| 999 |
_c115537 _d115537 |
||